00376nam a2200157Ia 45000010006000000050017000060080041000230410008000640820016000721000041000882450036001292600009001653000028001746500008002026540008002101335420260306164755.0260306t2015||||xx |||||||||||||| ||spa|| aESP a001.42bV29 aVara Horna, Alfredo ArístideseAUT 0a7 pasos para elaborar una tesis c2015 a000 páginas :c00 cm. aGEN aCHU